|
|
|
|
| LEADER |
01092nam a2200229 u 4500 |
| 001 |
10018934 |
| 003 |
GR-PaULI |
| 005 |
20241210082415.0 |
| 008 |
241210s1985 gr 0 0 gre d |
| 040 |
|
|
|a GR-PaULI
|c GR-PaULI
|b gre
|e AACR2
|
| 082 |
0 |
4 |
|a 320.51
|2 23
|
| 100 |
|
|
|a Ανδριανόπουλος, Ανδρέας Ι.,
|d 1946-
|9 158731
|e συγγραφέας.
|
| 245 |
1 |
2 |
|a Η φιλελεύθερη ιδεολογία :
|b κείμενα για το νέο φιλελευθερισμό /
|c Α. Ανδριανόπουλος, Γ. Λούλης.
|
| 260 |
|
|
|a Αθήνα :
|b Imago,
|c 1985.
|
| 300 |
|
|
|a 509 σ. ;
|b
|c 20 εκ.
|
| 490 |
1 |
|
|a Επιχειρήματα (Imago) ;
|v 8
|
| 650 |
|
4 |
|a Νεοφιλελευθερισμός
|9 30719
|
| 700 |
|
|
|a Λούλης, Γιάννης
|9 111150
|e συγγραφέας.
|
| 830 |
|
0 |
|a Επιχειρήματα (Imago)
|9 207054
|v 8
|
| 942 |
|
|
|2 ddc
|c BK
|
| 952 |
|
|
|0 0
|1 0
|2 ddc
|4 0
|6 320_510000000000000_ΑΝΔ
|7 0
|9 385631
|a LISP
|b LISP
|c DON
|d 2024-12-10
|e ΠΑΝ
|i 093869
|l 0
|o 320.51 ΑΝΔ
|p 025000164433
|r 2024-12-10 08:25:22
|t 1
|w 2024-12-10
|y BKN
|
| 999 |
|
|
|c 223954
|d 223954
|